[Event "Valencia Autonomico Sur-A"]
[Site "Valencia"]
[Date "2009.02.07"]
[Round "5.5"]
[White "Iniguez Castrillon, Elias"]
[Black "Trivino Oliva, Diego"]
[Result "1-0"]
[WhiteElo "2210"]
[BlackElo "1848"]
[PlyCount "139"]
[EventDate "2009.01.10"]
[EventType "team-tourn"]
[EventRounds "5"]
[EventCountry "ESP"]
[SourceTitle "EXT 2011"]
[Source "ChessBase"]
[SourceDate "2010.11.26"]
[SourceVersion "1"]
[SourceVersionDate "2010.11.26"]
[SourceQuality "1"]

1. Nf3 c5 2. e4 d6 3. c3 g6 4. d4 cxd4 5. cxd4 Bg7 6. Bc4 Nc6 7. 0-0 Nf6 8. Nc3 0-0 9. h3 Bd7 10. a3 Rc8 11. Ba2 a6 12. Be3 Re8 13. Ng5 Rf8 14. f4 h6 15. Nf3 e6 16. Qe2 Ne7 17. g4 d5 18. e5 Ne8 19. Rac1 Nc6 20. Bb1 Nc7 21. Qg2 Kh8 22. Nd2 f5 23. Kh2 Rf7 24. Rg1 Qe7 25. b4 Na7 26. gxf5 gxf5 27. Nb3 b6 28. Bd3 Rg8 29. Qe2 Qd8 30. Bxa6 Nxa6 31. Qxa6 Bc8 32. Qe2 Rc7 33. Nd2 Bd7 34. a4 Qe7 35. b5 Rgc8 36. Ndb1 Qf7 37. Na2 Be8 38. Rxc7 Rxc7 39. Rc1 Bf8 40. Rxc7 Qxc7 41. Qd3 Bh5 42. Bf2 Nc8 43. Be1 Ne7 44. Bb4 Ng6 45. Bxf8 Nxf8 46. Qc3 Qd8 47. Qe1 Qc7 48. Nb4 Qc4 49. Nc6 Qc2+ 50. Nd2 Qxa4 51. Qh4 Qd1 52. Qf2 Qe2 53. Qxe2 Bxe2 54. Na7 Ng6 55. Kg3 h5 56. Nf3 Bxf3 57. Kxf3 Kg7 58. Nc8 Kf7 59. Nxb6 Ke7 60. Na4 h4 61. Nc5 Nf8 62. Ke3 Kd8 63. b6 Kc8 64. Kd3 Kb8 65. Kc3 Kc8 66. Kb4 Kb8 67. Kb5 Kc8 68. Kc6 Kb8 69. Na6+ Ka8 70. b7+ 1-0

[Event "ESP-ch U14"]
[Site "Linares"]
[Date "2007.07.18"]
[Round "4"]
[White "Montanes Arribas, Adrian"]
[Black "Trivino Oliva, Diego"]
[Result "1-0"]
[WhiteElo "1811"]
[BlackElo "1876"]
[PlyCount "103"]
[EventDate "2007.07.15"]
[EventType "swiss"]
[EventRounds "9"]
[EventCountry "ESP"]
[SourceTitle "EXT 2008"]
[Source "ChessBase"]
[SourceDate "2007.11.25"]
[SourceVersion "1"]
[SourceVersionDate "2007.11.25"]
[SourceQuality "1"]

1. e4 c5 2. Nf3 d6 3. d3 g6 4. g3 Bg7 5. Bg2 Nc6 6. 0-0 Nf6 7. c3 0-0 8. Re1 e5 9. a3 a5 10. a4 Re8 11. Na3 b6 12. Nd2 Ba6 13. Ndc4 Na7 14. d4 cxd4 15. cxd4 Qc7 16. b3 b5 17. axb5 Nxb5 18. Nxb5 Bxb5 19. dxe5 dxe5 20. Qd6 Qxd6 21. Nxd6 Reb8 22. Bb2 Ne8 23. Nxe8 Bxe8 24. Bc3 Rb5 25. Bf1 Rc5 26. Bb4 Rc2 27. Bxa5 Bc6 28. Bc4 Bf8 29. f3 Rb8 30. Bc7 Re8 31. Re2 Rc3 32. Kg2 Bc5 33. Ba5 Re3 34. Rc2 Bd4 35. Rac1 Rxe4 36. fxe4 Bxe4+ 37. Kf1 Bxc2 38. Rxc2 Ra8 39. Bc3 Bxc3 40. Rxc3 Kg7 41. Rd3 Rb8 42. Rd7 Rf8 43. Ke2 g5 44. b4 Kg6 45. b5 f5 46. b6 f4 47. b7 e4 48. gxf4 gxf4 49. Rc7 f3+ 50. Ke3 f2 51. Rc8 Rf3+ 52. Kxe4 1-0